| 000 | 00703cam a22002654a 4500 | ||
|---|---|---|---|
| 003 | UPN | ||
| 005 | 20230602063643.0 | ||
| 008 | 991125m19681980mx 000 f spa d | ||
| 020 | _a9681604261 | ||
| 035 | _aUPN01000000023 | ||
| 040 |
_aUPN _bspa _cUPN |
||
| 049 | _aCG | ||
| 050 | 4 |
_aPQ7297 A9 _bT7.5 |
|
| 100 | 1 |
_aAzuela, Mariano, _d1873-1952 _927934 |
|
| 245 | 1 | 0 |
_a3 Novelas de Mariano Azuela : _bLa malhora, El desquite, La luciérnaga. |
| 260 |
_aMéxico : _bFCE, _c1968 (1980 impr.). |
||
| 300 | _a177 p. | ||
| 490 | 0 |
_aPopular ; _v89 |
|
| 650 | 4 |
_aNovela mexicana _94557 |
|
| 740 | 3 | _aLa malhora | |
| 740 | 3 | _aEl desquite | |
| 740 | 3 | _aLa luciérnaga | |
| 905 | _aLibro | ||
| 942 |
_2lcc _cLIBRO |
||
| 999 |
_c23 _d23 |
||